000 01882cam a22003131 4500
001 z 01000028
003 DLC
005 20260227112812.0
008 790213m18951917xx 000 0 eng
010 _az 01000028
035 _a(OCoLC)4649983
040 _aDLC
_cOCl
_dDLC
042 _apremarc
050 0 0 _aZ662
_b.C144
110 2 _aSanskrit College (Kolkata, India).
_bLibrary.
245 0 2 _aA descriptive catalogue of Sanskrit manuscripts in the library of the Calcutta Sanskrit college.
_cPrepared under the orders of the government of Bengal, by Hṛīshikeśa Śātrī, and Siva Chandra Gui.
260 _aCalcutta,
_bPrinted by J.N. Banerjee & son, Banerjee press,
_c1895-1917.
300 _a10 v. in 11.
_c25 cm.
500 _aIssued in 32 parts, 1892-1917.
500 _aVol. 1, no. 1, by Hṛīshikeśa Śāstrī alone; v. 10, nos. 25-30, by Hṛīshikeśa Śāstrī and Nīlamaṇi Cakravartti; nos. 31-32, by Bhavabhūti Vidyāratna and Nīlamaṇi Cakravartti.
500 _aVol. 1 has imprint: Printed at the Baptist mission press.
505 0 _aI. Vedic manuscripts. 1892-95.--II. Smṛiti and Níti manuscripts. 1896-98.--III. Philosophy manuscripts. 1899-1900.--IV. Purāṇa manuscripts. 1900-02.--V. Tantra manuscripts. 1902-03.--VI. Kāvya manuscripts. 1903-04.--VII. Alaṅkāraḥ, Chandaḥ, political science and lexicography manuscripts. 1904.--VIII. Grammar manuscripts. 1904--IX. Astrology & astronomy manuscripts. 1904-06.--X. 1-3. Medicine manuscripts. 1906-07. Vaiṣṇava literatures manuscripts. 1907-09. Jaina manuscripts. 1909-13. Appendix, 1913-17. 2 v.
650 0 _aManuscripts, Sanskrit
_vCatalogs.
650 0 _aManuscripts, Indic
_vCatalogs.
700 1 _aŚāstrī, Hṛīshikeśa,
_cpandit,
_eed.
700 1 _aGui, Śiva Chandra,
_ejoint ed.
700 1 _aCakravartti, Nīlamani.
700 1 _aVidyāratna, Bhavabhūti.
999 _c92409
_d92409